00728nam a2200205 a 450000100060000000300080000600500170001400800410003102000180007203500190009004000350010904100080014408200250015210000350017724501320021226000500034430000210039450400510041565000560046635374BD-RjUL20211209052317.0150613s2014 bg b 001 1 eneng d a9789843367008 a(BD-RjUL)35468 aBD-RjULcBD-RjULdBD-RjULbeng aeng a891.443915bBII 2014 aBillah, Abu Musa Mohammad Arif aInfluence of Persian literature on Shah Muhammad Sagir's Yusuf Zulaikha and Alaol's Padmavati /cAbu Musa Mohammad Arif Billah. aDhaka :bAbu Rayhan Biruni Foundation,c2014. a339 p. ;c24 cm. aIncludes bibliographical references and index. aBengali literaturevInfluence of Persian literature